000 00499nam a2200181 a 4500
001 1762240057232
003 YourLibrary
005 20251104124506.0
008 251104s2007##################000#0#eng##
020 _a9781416030041
082 0 4 _a613.004
_bABD
100 1 _aAbdelhak, Mervat,
_eauthor.
245 1 0 _aStudy Guide to Accompany Health Information :
260 _bSaunders,
_c2007.
650 0 _aCommunication in medicine.
942 _cENGLISH
040 _aYourLibrary
_beng
_cYourLibrary
999 _c595612
_d595612